Identifica estos lugares de Barcelona - Estadísticas

Estadísticas generales
  • Esta prueba ha sido intentada 404 veces
  • La puntuación promedio es 14 de 16
Estadísticas de respuestas
Imagen Respuesta % Correcto
Sagrada Familia
100%
Camp Nou
99%
Las Ramblas
96%
Parque Güell
94%
Barceloneta
93%
Plaza España
91%
Arco del Triunfo
90%
Catedral de Barcelona
87%
Colón
87%
Plaza Cataluña
87%
Torre Glòries
81%
La Pedrera
78%
La Boqueria
77%
Parque de la Ciudadela
77%
Eixample
76%
Liceu
70%
No se encontraron pruebas coincidentes
Distribución de puntuación
Porcentaje de gente con cada puntuación
Porcentaje por número respondido
Historial de tus puntuaciones
No has intentado esta prueba.